ბათუმის შოთა რუსთაველის სახელმწიფო უნივერსიტეტის ბიბლიოთეკა

უცნაური ცხოველი (ბიბ.ჩანაწერი № 49702)

000 -LEADER
fixed length control field 00759nam a2200229Ia 4500
001 - CONTROL NUMBER
control field 16636
003 - CONTROL NUMBER IDENTIFIER
control field GE_BSU
008 - FIXED-LENGTH DATA ELEMENTS--GENERAL INFORMATION
fixed length control field 181216s||||||||xx |||||||||||||| ||und||
040 ## - CATALOGING SOURCE
Transcribing agency GE_BSU
080 ## - UNIVERSAL DECIMAL CLASSIFICATION NUMBER
Universal Decimal Classification number 82-93:821.353.1-32
100 ## - MAIN ENTRY--PERSONAL NAME
Personal name მთვარაძე, ს.
245 ## - TITLE STATEMENT
Title უცნაური ცხოველი
245 ## - TITLE STATEMENT
Remainder of title სათავგ. მოთხრობა
245 ## - TITLE STATEMENT
Statement of responsibility, etc. პ/მგ.რედ.შ.აფხაიძე. და ა. ჯანაშვილი
260 ## - PUBLICATION, DISTRIBUTION, ETC.
Place of publication, distribution, etc. თბილისი
260 ## - PUBLICATION, DISTRIBUTION, ETC.
Name of publisher, distributor, etc. საბლიტგამი
260 ## - PUBLICATION, DISTRIBUTION, ETC.
Date of publication, distribution, etc. 1954
300 ## - PHYSICAL DESCRIPTION
Extent 272გვ. ; 22სმ
653 ## - INDEX TERM--UNCONTROLLED
Uncontrolled term სათავგ. მოთხრობა
653 ## - INDEX TERM--UNCONTROLLED
Uncontrolled term უცნაური ცხოველი
942 ## - ADDED ENTRY ELEMENTS (KOHA)
Koha item type წიგნი
ეგზემპლარები
Withdrawn status Lost status Damaged status Not for loan Date acquired Barcode Date last seen Price effective from Koha item type
        2018-12-17 41249 2018-12-17 2018-12-17 წიგნი
        2018-12-17 41250 2018-12-17 2018-12-17 წიგნი